James B. Conant : (Record no. 216)

000 -LEADER
fixed length control field 02074cam a2200493 a 4500
001 - CONTROL NUMBER
control field 3036373
003 - CONTROL NUMBER IDENTIFIER
control field OSt
005 - DATE AND TIME OF LATEST TRANSACTION
control field 20210419051529.0
008 - FIXED-LENGTH DATA ELEMENTS--GENERAL INFORMATION
fixed length control field 951026r19951993caua b 001 0beng
010 ## - LIBRARY OF CONGRESS CONTROL NUMBER
LC control number 95067507
020 ## - INTERNATIONAL STANDARD BOOK NUMBER
International Standard Book Number 0804726191
040 ## - CATALOGING SOURCE
Original cataloging agency DLC
Transcribing agency DLC
Modifying agency DLC
043 ## - GEOGRAPHIC AREA CODE
Geographic area code n-us---
-- n-us-ma
050 00 - LIBRARY OF CONGRESS CALL NUMBER
Classification number CT275.C757
Item number H46 1995
080 ## - UNIVERSAL DECIMAL CLASSIFICATION NUMBER
Universal Decimal Classification number 94
Item number C-74
082 00 - DEWEY DECIMAL CLASSIFICATION NUMBER
Classification number 370/.92
-- B
Edition number 20
100 1# - MAIN ENTRY--PERSONAL NAME
Personal name Hershberg, James G.
Fuller form of name (James Gordon),
Dates associated with a name 1960-
245 10 - TITLE STATEMENT
Title James B. Conant :
Remainder of title Harvard to Hiroshima and the making of the nuclear age /
Statement of responsibility, etc. James G. Hershberg.
246 30 - VARYING FORM OF TITLE
Title proper/short title Harvard to Hiroshima and the making of the nuclear age
260 ## - PUBLICATION, DISTRIBUTION, ETC.
Place of publication, distribution, etc. Stanford, Calif. :
Name of publisher, distributor, etc. Stanford University Press,
Date of publication, distribution, etc. 1995.
300 ## - PHYSICAL DESCRIPTION
Extent ix, 948 p. :
Other physical details ill. ;
Dimensions 24 cm.
440 #0 - SERIES STATEMENT/ADDED ENTRY--TITLE
Title Stanford nuclear age series
500 ## - GENERAL NOTE
General note Originally published: New York : Knopf, 1993.
504 ## - BIBLIOGRAPHY, ETC. NOTE
Bibliography, etc. note Includes bibliographical references (p. 773-781) and index.
600 10 - SUBJECT ADDED ENTRY--PERSONAL NAME
Personal name Conant, James Bryant,
Dates associated with a name 1893-1978.
610 20 - SUBJECT ADDED ENTRY--CORPORATE NAME
Corporate name or jurisdiction name as entry element Harvard University
General subdivision Presidents
-- Biography.
650 #0 - SUBJECT ADDED ENTRY--TOPICAL TERM
Topical term or geographic name entry element Educators
Geographic subdivision United States
General subdivision Biography.
650 #0 - SUBJECT ADDED ENTRY--TOPICAL TERM
Topical term or geographic name entry element College presidents
Geographic subdivision United States
General subdivision Biography.
650 #0 - SUBJECT ADDED ENTRY--TOPICAL TERM
Topical term or geographic name entry element Chemists
Geographic subdivision United States
General subdivision Biography.
650 #0 - SUBJECT ADDED ENTRY--TOPICAL TERM
Topical term or geographic name entry element Atomic bomb
Geographic subdivision United States
General subdivision History.
650 #0 - SUBJECT ADDED ENTRY--TOPICAL TERM
Topical term or geographic name entry element Science and state
Geographic subdivision United States
General subdivision History.
650 #0 - SUBJECT ADDED ENTRY--TOPICAL TERM
Topical term or geographic name entry element Technology and state
Geographic subdivision United States
General subdivision History.
651 #0 - SUBJECT ADDED ENTRY--GEOGRAPHIC NAME
Geographic name United States
General subdivision Foreign relations
Chronological subdivision 20th century.
653 ## - INDEX TERM--UNCONTROLLED
Uncontrolled term ისტორია
653 ## - INDEX TERM--UNCONTROLLED
Uncontrolled term ამერიკის შეერთებული შტატების ისტორია
653 ## - INDEX TERM--UNCONTROLLED
Uncontrolled term განათლება
653 ## - INDEX TERM--UNCONTROLLED
Uncontrolled term ბიოგრაფია
653 ## - INDEX TERM--UNCONTROLLED
Uncontrolled term ატომური ბომბი
653 ## - INDEX TERM--UNCONTROLLED
Uncontrolled term მეცნიერება
856 42 - ELECTRONIC LOCATION AND ACCESS
Materials specified Publisher description
Uniform Resource Identifier <a href="http://www.loc.gov/catdir/description/cam027/95067507.html">http://www.loc.gov/catdir/description/cam027/95067507.html</a>
906 ## - LOCAL DATA ELEMENT F, LDF (RLIN)
a 7
b cbc
c orignew
d 2
e opcn
f 19
g y-gencatlg
942 ## - ADDED ENTRY ELEMENTS (KOHA)
Source of classification or shelving scheme
Koha item type Books
Holdings
Withdrawn status Lost status Source of classification or shelving scheme Damaged status Not for loan Permanent location Current location Date acquired Inventory number Full call number Barcode Date last seen Price effective from Koha item type
          Ken Walker International University Ken Walker International University 11/12/2020 270 94 C-74 270 11/12/2020 11/12/2020 Books

Powered by Koha